000
00286nam a2200133Ia 4500
100
_a
Ed. Landsberg/G.S
942
_c
BK
654
_a
Physics
245
_a
Text Book Of Elementary Physics II
260
_b
Mir Publishers
_c
1972
082
_a
530
300
_a
424
546
_a
ENGLISH
999
_c
27095
_d
27095